00424nam a2200193Ia 4500003000900000008004100009040001300050040001300063041000800076100002900084245002900113250001200142260000800154260000900162300001000171300001000181490003300191490000600224IT-RoPAU120407s9999 xx 000 0 und d aIT-RoPAU cIT-RoPAU aita aJean-Marie Roger Tillard aPer una nuova primavera. aBologna aEDB c1974 a55 p. c21 cm aProblemi di vita religiosa,4 v1